Evaluación de riesgos músculos esqueléticos en los puestos de trabajo de la planta de producción de Industrias Delmor S, A
Evalúa los riesgos músculos esqueléticos en los puestos de trabajo de la planta de producción de industria DELMOR S. A. ubicada en el km 7 carretera sur, Managua. Identifica las posturas adoptadas por los trabajadores en la planta de producción que representen un mayor riesgo de lesiones o enfe...
| Main Authors: | , |
|---|---|
| Other Authors: | |
| Format: | Tesis Section = Libro |
| Language: | Undetermined Spanish |
| Published: |
Managua
UNI
2015
|
| Subjects: |
| LEADER | 01341nam a2200265Ia 4500 | ||
|---|---|---|---|
| 008 | 240830s9999 xx 000 0 und d | ||
| 040 | |a BIBLIOTECA-RUPAP Mon 658.38 T275 | ||
| 041 | |a spa | ||
| 082 | |a Mon 658.38 T275 | ||
| 100 | 1 | |a Téllez Flores, Emily Octavia | |
| 100 | 1 | |b Pérez Centeno, Geszler Neftalí | |
| 245 | 1 | 0 | |a Evaluación de riesgos músculos esqueléticos en los puestos de trabajo de la planta de producción de Industrias Delmor S, A |
| 260 | |a Managua |b UNI |c 2015 | ||
| 300 | |a 127 p. :il. | ||
| 500 | |a Contiene: anexos y CD. | ||
| 502 | |a Tesis (Ingeniero Industrial)- UNI, 2015. | ||
| 520 | 3 | |a Evalúa los riesgos músculos esqueléticos en los puestos de trabajo de la planta de producción de industria DELMOR S. A. ubicada en el km 7 carretera sur, Managua. Identifica las posturas adoptadas por los trabajadores en la planta de producción que representen un mayor riesgo de lesiones o enfermedades músculo esquelético. Diseña un plan de acción que disminuya y mantenga controlados los riesgos músculos esqueléticos. | |
| 650 | 7 | |a EVALUACION DE RIESGOS LABORALES | |
| 650 | 7 | |b ACCIDENTES LABORALES | |
| 650 | 7 | |c SEGURIDAD OCUPACIONAL | |
| 650 | 7 | |d TRASTORNOS MUSCULOS ESQUELETICOS | |
| 700 | 1 | |a Tutor: |b Fuentes Espinoza, Oscar Danilo | |
| 942 | |c BK |2 ddc | ||
| 991 | |a TESIS | ||
| 999 | |c 17170 | ||